| 000 | 01037nam a2200361 i 4500 | ||
|---|---|---|---|
| 001 | 0060435 | ||
| 003 | DO-SdBNP | ||
| 005 | 20180214111012.0 | ||
| 007 | 0060435 | ||
| 008 | 891205s1998 sp spa | ||
| 015 | _a | ||
| 016 | 7 |
_a _z _2BPMSU |
|
| 017 |
_a _b |
||
| 020 | _a8420733776 | ||
| 040 |
_aBPMSU _bspa _cBPMSU _e |
||
| 080 | _a | ||
| 082 | 4 |
_a823.91 _bW516c |
|
| 100 | 1 |
_aWest, Colin _d1939- |
|
| 240 | _aThe king of kennelwick castle. | ||
| 245 | 1 | 3 |
_aEl castillo del rey Sisebuto / _h _c Colin West ; ilustraciones de Ann Dalton ; traducción, Juan Manuel Ibeas |
| 250 | _a5a. ed. | ||
| 260 | 1 |
_aMadrid : _bAnaya, _c1998 |
|
| 300 |
_a[24] p.: _bil. ; _c24 cm |
||
| 490 | _aFácil de leer | ||
| 650 | _aCUNETOS INFANTILES INGLESES | ||
| 650 | _aLITERATURA INFANTIL INGLESA | ||
| 700 | 1 |
_aDalton, Anne _eil. |
|
| 700 | 1 |
_aIbeas Delgado, Juan Manuel _etr. |
|
| 830 | _aFácil de leer | ||
| 942 |
_2ddc _cBK |
||
| 945 | _aInventariado, 2018/MFF | ||
| 956 |
_aVMATEO _b10 _c20161206 _dBPMSU _f0069 |
||
| 999 |
_c12288 _d12288 |
||